Globalization from below (Record no. 95247)
[ view plain ]
| 000 -LEADER | |
|---|---|
| fixed length control field | 01458nam a2200337Ia 4500 |
| 082 04 - DEWEY DECIMAL CLASSIFICATION NUMBER | |
| Classification number | 303.484 |
| 245 00 - TITLE STATEMENT | |
| Title | Globalization from below |
| 260 ## - PUBLICATION, DISTRIBUTION, ETC. (IMPRINT) | |
| Place of publication | Minneapolis, Minn. : |
| Name of publisher | University of Minnesota Press ; |
| Place of publication | Bristol : |
| Name of publisher | University Presses Marketing [distributor], |
| Year of publication | 2006. |
| 300 ## - PHYSICAL DESCRIPTION | |
| Number of Pages | xiv, 300 p. : |
| Other physical details | ill. |
| 490 1# - SERIES STATEMENT | |
| Series statement | Social movements, protest, and contention ; |
| 650 #0 - SUBJECT ADDED ENTRY--TOPICAL TERM | |
| Topical Term | Anti-globalization movement. |
| Topical Term | Globalization. |
| 700 1# - ADDED ENTRY--PERSONAL NAME | |
| Personal name | Della Porta, Donatella, |
| 856 40 - ELECTRONIC LOCATION AND ACCESS | |
| Uniform Resource Identifier | http://site.ebrary.com/lib/rucke/Doc?id=10151326 |
No items available.
